Transparentnosť procesu obstarávania
Poznatky z verejného obstarávania v Spojených štátoch amerických. Priehladnosť a zrozumiteľnosť tohto procesu, v rámci ktorého sa narába v obrovskými finančnými prostriedkami štátu.
Salvato in:
| Autore principale: | |
|---|---|
| Natura: | Capitolo di libro |
| Lingua: | slovacco |
| Soggetti: | |
| Tags: |
Nessun Tag, puoi essere il primo ad aggiungerne!!
|
MARC
| LEADER | 00000naa a2200000 4500 | ||
|---|---|---|---|
| 001 | r042476 | ||
| 005 | 20230927092445.6 | ||
| 041 | 0 | |a slo | |
| 044 | |a SK | ||
| 245 | 1 | 0 | |a Transparentnosť procesu obstarávania |c Jiří Vlach |
| 520 | |a Poznatky z verejného obstarávania v Spojených štátoch amerických. Priehladnosť a zrozumiteľnosť tohto procesu, v rámci ktorého sa narába v obrovskými finančnými prostriedkami štátu. | ||
| 610 | 2 | 0 | |a obstarávanie verejné |
| 610 | 2 | 0 | |a USA |
| 610 | 2 | 0 | |a informácie |
| 610 | 2 | 0 | |a správa štátna |
| 610 | 2 | 0 | |a financie štátne |
| 100 | 1 | |a Vlach, Jiří | |